Planning, monitoring and evaluation in development organisations : (Record no. 14109)
[ view plain ]
| 000 -LEADER | |
|---|---|
| fixed length control field | 00965nam a22002297a 4500 |
| 005 - DATE AND TIME OF LATEST TRANSACTION | |
| control field | 20080626104633.0 |
| 008 - FIXED-LENGTH DATA ELEMENTS--GENERAL INFORMATION | |
| fixed length control field | 080618t xxu||||| |||| 00| 0 eng d |
| 010 ## - LIBRARY OF CONGRESS CONTROL NUMBER | |
| LC control number | ENG-90431 |
| 020 ## - INTERNATIONAL STANDARD BOOK NUMBER | |
| Terms of availability | 295.00 |
| International Standard Book Number | 8178298573 |
| 035 ## - SYSTEM CONTROL NUMBER | |
| System control number | EN-73964 |
| 037 ## - SOURCE OF ACQUISITION | |
| Source of stock number/acquisition | DBAD / PUB |
| 040 ## - CATALOGING SOURCE | |
| Original cataloging agency | DPL |
| Language of cataloging | EN |
| 082 ## - DEWEY DECIMAL CLASSIFICATION NUMBER | |
| Classification number | 338.910683 |
| 245 ## - TITLE STATEMENT | |
| Title | Planning, monitoring and evaluation in development organisations : |
| Statement of responsibility, etc | by John De Coninck...[et.al] |
| Remainder of title | sharing training and facilitation experiences / |
| 260 ## - PUBLICATION, DISTRIBUTION, ETC. (IMPRINT) | |
| Place of publication, distribution, etc | New Delhi |
| Name of publisher, distributor, etc | Sage Publications India |
| Date of publication, distribution, etc | 2008 |
| 260 ## - PUBLICATION, DISTRIBUTION, ETC. (IMPRINT) | |
| Place of publication, distribution, etc | |
| Name of publisher, distributor, etc | |
| 270 ## - ADDRESS | |
| Address | B 1/1-1 Mohan Cooperative Industrial Area, Mathura Road |
| City | New Delhi |
| Postal code | 110044 |
| 300 ## - PHYSICAL DESCRIPTION | |
| Extent | xv, 200p. |
| Dimensions | 23 cm (Hb) |
| 500 ## - GENERAL NOTE | |
| General note | Includes bibliographical references |
| 942 ## - ADDED ENTRY ELEMENTS (KOHA) | |
| Koha item type | English Books |
| Classification part | 338.910683 |
| Source of classification or shelving scheme | Dewey Decimal Classification |
| Call number suffix | PLA |
| Withdrawn status | Lost status | Damaged status | Not for loan | Collection code | Home library | Current library | Date acquired | Source of acquisition | Cost, normal purchase price | Total Checkouts | Full call number | Barcode | Date last seen | Copy number | Cost, replacement price | Price effective from | Koha item type |
|---|---|---|---|---|---|---|---|---|---|---|---|---|---|---|---|---|---|
| Not For Loan | Non-fiction | D.B.Act.Division | D.B.Act.Division | 30/06/2008 | DBAD / PUB | 295.00 | 338.910683 PLA | EN-73964 | 15/09/2008 | 1 | 295.00 | 15/09/2008 | English Books |
